Departments of Honduras Quiz Stats

 Plays Quiz not verified by Sporcle

Score 0/18 Timer 10:00
0 Plays Today
% Correct
Francisco Morazán
90.3%
Atlántida
88.1%
Yoro
87.5%
Lempira
87.1%
Gracias a Dios
86.5%
Colón
85.9%
Copán
85.6%
Islas de la Bahía
85.3%
Comayagua
85%
% Correct
Olancho
84.3%
Cortés
84%
Valle
83.4%
La Paz
83.4%
Santa Bárbara
82.8%
Choluteca
79.9%
Ocotepeque
78.4%
El Paraíso
78.4%
Intibucá
76.8%

You're not logged in!

Compare scores with friends on all Sporcle quizzes.
OR
Log In

You Might Also Like...

Show Comments

Extras

Created Oct 20, 2012ReportNominate
Tags:department

Top Quizzes Today


Score Distribution

Your Account Isn't Verified!

In order to create a playlist on Sporcle, you need to verify the email address you used during registration. Go to your Sporcle Settings to finish the process.

Report this User

Report this user for behavior that violates our Community Guidelines.

Details: